| 000 | 00916nam a2200289 i 4500 | ||
|---|---|---|---|
| 001 | bg | ||
| 100 | 1 |
_aBeksiak, Janusz _d(1929-2004). |
|
| 245 | 1 | 0 |
_aEkonomia : _bkurs podstawowy / _cJanusz Beksiak. |
| 260 |
_aWarszawa : _bWydawnictwo C. H. Beck, _c2007. |
||
| 300 |
_aXI, [1], 291 s. : _bil. ; _c24 cm. |
||
| 490 | 1 | _aAcademia Oeconomica | |
| 500 | _aNa okł. podtyt.: wprowadzenie do ekonomii, mikroekonomia, makroekonomia, systemy gospodarcze i ich dynamika. | ||
| 504 | _aIndeks. | ||
| 650 | 9 | _aEkonomia | |
| 655 | _aPodręczniki akademickie | ||
| 830 | _aAcademia Oeconomica | ||
| 015 | _aPB 22199/2007 | ||
| 020 | _a9788374836746 | ||
| 040 | _cBPK | ||
| 041 | _apol | ||
| 044 | _aPOL | ||
| 080 | _a330(075.8) | ||
| 920 |
_a978-83-7483-674-6 : _czł 35 |
||
| 942 | _cKS | ||
| 008 | 071012s2007 pl a |001 0 pol | ||
| 999 |
_c54867 _d54867 |
||
| 856 |
_uhttp://koha.tu.koszalin.pl/cgi-bin/koha/opac-detail.pl?biblionumber=54867 _yKatalog online BPK |
||